000 01161nam0a2200337 4500
001 RU\NLR\bibl\1303315
005 20260408162641.0
010 _a5-9571-0191-5
_9300
021 _aRU
_b2008-80075
_94652
035 _a(NLR Aleph) 001288866
035 _a(nilc)EL/0000125260
035 _aBELG\BIBL\0000178877
090 _a546348
_c546348
100 _a20070410d2006 u y0rusy50 ca
101 1 _arus
102 _aRU
105 _ay |||||||||
200 1 _aДиагностическое познание
_eмонография
_fЕ.А. Кротков
210 _aБелгород
_cИзд-во БелГУ
_d2006
215 _a152 с.
_d21
320 _aБиблиогр. в подстроч. прим.
606 _aДиагностика (филос.)
_3RU\NLR\auth\66363791
_9970409
686 _a87.251.3
_vLBC/RL
_2rubbk
686 _aЮ251.3
700 1 _aКротков
_bЕ. А.
_gЕвгений Алексеевич
_4070
801 0 _aRU
_bБелгородская ГУНБ
_c20070410
_gPSBO
801 1 _aRU
_bБелгородская ГУНБ
_c20070410
801 2 _aRU
_bNLR
_c20081205
_grcr
942 _cBOOK
980 _aNB